[Event "AUTO-OPEN-323"]
[Site "http://www.queenalice.com/game.php?id=131013"]
[Date "2006.11.18"]
[Round "2"]
[White "piru1001"]
[Black "Odim"]
[Result "0-1"]
[WhiteElo "1457"]
[BlackElo "1673"]

1. e4 d6 2. Qf3 Nf6 3. Bc4 g6 4. d3 Bg7 5. Nc3 O-O 6. Nd5 Nbd7 7. Bg5 Ne5 8. Qe3
c6 9. Nf4 Nxc4 10. dxc4 Qa5+ 11. c3 Qxg5 12. Nf3 Qa5 13. e5 Ng4 14. Qd3 Bf5 15.
Qd4 dxe5 16. b4 Qa4 17. Qd1 Qxd1+ 18. Kxd1 exf4 19. Ke2 Bxc3 20. Rac1 Bxb4 21.
h3 Nf6 22. Ng5 h6 23. Nf3 Ba3 24. Rc3 Bb4 25. Rcc1 Rfd8 26. g4 Bd3+ 27. Kd1 Be4+
28. Nd2 Bxh1 29. Rb1 Bf3+ 30. Ke1 Bxd2+ 31. Kf1 Bb4 32. a4 Rd1+ 33. Rxd1 Bxd1
34. h4 Bxg4 35. h5 gxh5 36. a5 Rd8 37. a6 f3 38. c5 Rd1# 0-1

[Event "AUTO-ADV-325"]
[Site "http://www.queenalice.com/game.php?id=138279"]
[Date "2006.12.7"]
[Round "1"]
[White "vult0"]
[Black "Odim"]
[Result "0-1"]
[WhiteElo "1742"]
[BlackElo "1718"]

1. e4 d6 2. Nf3 Nf6 3. Bd3 g6 4. Nc3 Bg7 5. O-O O-O 6. Nd5 Nxd5 7. exd5 c6 8.
Bc4 b5 9. Bb3 c5 10. c3 c4 11. Bc2 Bb7 12. d3 Bxd5 13. d4 Nd7 14. Be3 Nf6 15.
Qd2 Ne4 16. Bxe4 Bxe4 17. Bh6 Bxf3 18. gxf3 Bxh6 19. Qxh6 Kh8 20. Rae1 e6 21.
Re4 g5 22. Rg4 Rg8 23. Kh1 Rg7 24. Rfg1 Rg6 25. Qh3 Qe7 26. f4 Rag8 27. fxg5 e5
28. dxe5 dxe5 29. Qe3 f6 30. gxf6 Qb7+ 31. f3 Rxg4 32. Rxg4 Rxg4 33. h3 Rg3 34.
Qe4 Qd7 0-1

[Event "AUTO-ADV-325"]
[Site "http://www.queenalice.com/game.php?id=138280"]
[Date "2006.12.7"]
[Round "1"]
[White "Odim"]
[Black "vult0"]
[Result "1-0"]
[WhiteElo "1682"]
[BlackElo "1742"]

1. Nf3 e6 2. g3 Nf6 3. Bg2 Be7 4. O-O O-O 5. d3 d5 6. Nbd2 c5 7. e4 dxe4 8. dxe4
Nc6 9. c3 e5 10. Re1 Ng4 11. h3 Nf6 12. b3 b5 13. Bb2 Ba6 14. c4 Qb6 15. Nxe5
Rad8 16. Nxc6 Qxc6 17. e5 Qb6 18. exf6 Bxf6 19. Bxf6 Qxf6 20. Qe2 Rfe8 21. Qxe8+
1-0

[Event "AUTO-ADV-325"]
[Site "http://www.queenalice.com/game.php?id=138293"]
[Date "2006.12.7"]
[Round "1"]
[White "Nimzo81"]
[Black "Odim"]
[Result "1-0"]
[WhiteElo "1953"]
[BlackElo "1749"]

1. Nc3 Nf6 2. Nf3 g6 3. e4 Bg7 4. e5 Ng4 5. d4 d6 6. exd6 cxd6 7. Bd3 O-O 8. h3
Nf6 9. O-O Nbd7 10. Bf4 Nh5 11. Bg5 h6 12. Be3 e5 13. Qd2 Nf4 14. Bxf4 exf4 15.
Qxf4 Nf6 16. Ne4 Nh5 17. Qxd6 Qxd6 18. Nxd6 Nf4 19. Bc4 Be6 20. Bxe6 Nxe6 21. c3
b6 22. Rfe1 Rad8 23. Nc4 Nf4 24. Re4 Ne6 25. Rae1 Rfe8 26. a4 h5 27. Ng5 Nc7 28.
Rxe8+ Rxe8 29. Rxe8+ Nxe8 30. Ne4 f5 31. Ned6 Nxd6 32. Nxd6 Bf8 33. Nc8 1-0

[Event "AUTO-ADV-325"]
[Site "http://www.queenalice.com/game.php?id=138294"]
[Date "2006.12.7"]
[Round "1"]
[White "Odim"]
[Black "Nimzo81"]
[Result "0-1"]
[WhiteElo "1741"]
[BlackElo "1970"]

1. Nf3 c5 2. g3 Nc6 3. Bg2 Nf6 4. O-O e5 5. d3 d5 6. e4 d4 7. c3 Qc7 8. Nbd2 Bd6
9. Nc4 h6 10. Nxd6+ Qxd6 11. c4 Bg4 12. h3 Bd7 13. a3 a6 14. Bd2 O-O 15. Rb1 b5
16. b4 bxc4 17. dxc4 Nxe4 18. bxc5 Nxc5 19. Be3 Ne4 20. Bc1 Nc3 21. Qc2 Nxb1 22.
Qxb1 Be6 23. Nd2 Rab8 24. Qd3 f5 25. Bxc6 Qxc6 26. Re1 Qc5 27. a4 Rfe8 28. Ba3
Qa5 29. Rc1 Red8 30. Qc2 e4 31. c5 d3 32. Qc3 Qxc3 33. Rxc3 a5 34. c6 Rd4 35. c7
Rc8 36. Rc6 Kf7 37. Rd6 Rxa4 38. Rd8 Rxa3 39. Rxc8 Bxc8 40. Nc4 Ra1+ 41. Kg2 Ke7
0-1

[Event "AUTO-ADV-325"]
[Site "http://www.queenalice.com/game.php?id=138303"]
[Date "2006.12.7"]
[Round "1"]
[White "Odim"]
[Black "whitekings"]
[Result "1-0"]
[WhiteElo "1748"]
[BlackElo "1697"]

1. Nf3 d5 2. g3 Nf6 3. Bg2 c5 4. O-O Nc6 5. d3 e5 6. Nbd2 Be6 7. e4 d4 8. Nc4
Qc7 9. h3 O-O-O 10. Qe2 Bd6 11. Nxd6+ Qxd6 12. Ng5 h6 13. Nxe6 Qxe6 14. a3 Rhe8
15. b4 b6 16. bxc5 bxc5 17. Rb1 Rd7 18. Rb5 Qd6 19. Bd2 Kc7 20. Rfb1 Rb8 21. c4
Rdd8 22. Qe1 Kc8 23. Qd1 Rxb5 24. cxb5 Ne7 25. Qb3 Qb6 26. Qxf7 Nc6 27. Qe6+ Rd7
28. Qxc6+ Qxc6 29. bxc6 Rc7 30. h4 Rxc6 31. f4 exf4 32. e5 Re6 33. exf6 Rxf6 34.
Bxf4 Kd8 35. Be5 Rf7 36. Rb8+ Ke7 37. Rb7+ Ke8 38. Rxf7 Kxf7 39. Kf2 Ke6 40.
Bxg7 Kf7 41. Bxh6 Kg6 42. Bf8 c4 43. dxc4 Kf6 44. Bc5 Ke5 45. Bxa7 Kd6 46. Bxd4
Ke6 47. h5 Kf7 48. Bd5+ Ke7 49. h6 Kf8 50. h7 Ke8 51. h8=Q+ Ke7 52. Qf6+ Kd7 53.
Qe6+ Kc7 54. Bb6+ Kb8 55. Qe8# 1-0

[Event "AUTO-ADV-325"]
[Site "http://www.queenalice.com/game.php?id=138304"]
[Date "2006.12.7"]
[Round "1"]
[White "whitekings"]
[Black "Odim"]
[Result "0-1"]
[WhiteElo "1685"]
[BlackElo "1734"]

1. e4 d6 2. d4 Nf6 3. Nc3 g6 4. f4 Bg7 5. Nf3 O-O 6. Bd3 Nbd7 7. Be3 Ng4 8. Qd2
Nxe3 9. Qxe3 c5 10. O-O cxd4 11. Nxd4 Qb6 12. Nce2 e5 13. fxe5 dxe5 14. Nf5 gxf5
15. Qxb6 axb6 16. Rxf5 Nc5 17. Rf3 Bg4 18. Rf2 Rfd8 19. Rd1 Nxd3 20. Rxd3 Bf8
21. Ng3 Rxd3 22. cxd3 Bc5 23. Kf1 Bxf2 24. Kxf2 Rxa2 25. Ke3 Rxb2 26. d4 Rb3+
27. Kd2 exd4 28. Ne2 Rb2+ 29. Kd3 Bxe2+ 30. Kxd4 Bf1 31. Kc3 Rxg2 32. Kb4 Rxh2
33. e5 Re2 34. Kb5 Rxe5+ 35. Kxb6 h5 36. Kxb7 h4 37. Kc6 h3 38. Kd6 Re6+ 39. Kd5
h2 40. Kd4 h1=Q 41. Kc5 Qc6+ 42. Kb4 Qb5+ 43. Kc3 Re3+ 44. Kd4 Qe5# 0-1

[Event "Partida 02/10 Dez 2006"]
[Site "http://www.queenalice.com/game.php?id=140405"]
[Date "2006.12.12"]
[Round "-"]
[White "vallef"]
[Black "Odim"]
[Result "0-1"]
[WhiteElo "1500"]
[BlackElo "1701"]

1. e4 e5 2. Nf3 Nf6 3. Nxe5 Qe7 4. d4 d6 5. Bb5+ c6 6. Nxc6 bxc6 7. Bd3 Nxe4 8.
O-O Nf6 9. Re1 Be6 10. Bf5 g6 11. Bxe6 fxe6 12. c4 Bg7 13. Bg5 O-O 14. Nc3 h6
15. Bxf6 Qxf6 16. Ne4 Qf4 17. Qc2 Bxd4 18. Re2 d5 19. cxd5 cxd5 20. g3 Qf5 21.
Nd6 Qf6 22. Rf1 e5 23. Nb5 Nc6 24. a3 Bb6 25. Kg2 a6 26. Rc1 Qf3+ 27. Kh3 Rf5
28. Rxe5 Nxe5 0-1

[Event "Partida 03/10 Dez 2006 "]
[Site "http://www.queenalice.com/game.php?id=141410"]
[Date "2006.12.14"]
[Round "-"]
[White "Odim"]
[Black "vallef"]
[Result "1-0"]
[WhiteElo "1709"]
[BlackElo "1434"]

1. Nf3 Nc6 2. e4 e5 3. Bb5 Nf6 4. d3 Bc5 5. Bxc6 bxc6 6. Nxe5 h6 7. O-O O-O 8.
Nd2 Bb7 9. Nb3 Bd6 10. Ng4 c5 11. e5 Nxg4 12. exd6 h5 13. h3 Ne5 14. Nxc5 Bc6
15. Qxh5 cxd6 16. Ne4 Bxe4 17. dxe4 Rb8 18. b3 g6 19. Qd1 Qe7 20. f4 Nc6 21. Ba3
Nb4 22. c3 Qxe4 23. Bxb4 Rfc8 24. Qxd6 Qb7 25. f5 Rc6 26. Qe7 Qb6+ 27. Kh1 Rf6
28. Bc5 Qa6 29. Bd4 Rxf5 30. Rxf5 gxf5 31. Qe5 f6 32. Qxb8+ 1-0

[Event "Partida 05/10 Dez 2006 "]
[Site "http://www.queenalice.com/game.php?id=142320"]
[Date "2006.12.16"]
[Round "-"]
[White "Odim"]
[Black "vallef"]
[Result "1-0"]
[WhiteElo "1747"]
[BlackElo "1379"]

1. Nf3 Nf6 2. d4 g6 3. c4 Bg7 4. Nc3 O-O 5. e4 d6 6. Bd3 Bg4 7. Be3 a6 8. h3
Bxf3 9. Qxf3 Nc6 10. Rd1 e5 11. d5 Nb4 12. Bb1 a5 13. O-O c6 14. dxc6 bxc6 15.
Bc5 Qc8 16. Rxd6 Nd7 17. Be3 a4 18. Rfd1 Rd8 19. a3 Na6 20. Nxa4 Qb7 21. Nb6 f5
22. Rxd7 Nc7 23. Nxa8 Rxa8 24. exf5 Rf8 25. Qg4 Qb8 26. fxg6 h6 27. Rxg7+ Kxg7
28. Qd7+ 1-0

[Event "Vingança Maligna"]
[Site "http://www.queenalice.com/game.php?id=163728"]
[Date "2007.2.5"]
[Round "-"]
[White "Odim"]
[Black "vallef"]
[Result "1-0"]
[WhiteElo "1762"]
[BlackElo "1542"]

1. Nf3 Nc6 2. e4 e5 3. Bb5 a6 4. Bxc6 bxc6 5. O-O d5 6. Nxe5 dxe4 7. Re1 Qd5 8.
Nc3 Qd6 9. Nxe4 Qh6 10. Qf3 Nf6 11. Ng4 Bxg4 12. Nxf6+ 1-0

[Event "Março 2"]
[Site "http://www.queenalice.com/game.php?id=176520"]
[Date "2007.3.3"]
[Round "-"]
[White "Odim"]
[Black "vallef"]
[Result "1-0"]
[WhiteElo "1769"]
[BlackElo "1625"]

1. e4 e5 2. Nf3 Nc6 3. Bb5 Bc5 4. O-O Nf6 5. c3 O-O 6. d4 exd4 7. cxd4 Bb6 8. e5
Ng4 9. h3 Nh6 10. Bxh6 gxh6 11. Nc3 Ne7 12. Qc1 Kg7 13. Ne4 Ng6 14. Nf6 d6 15.
Nh5+ Kh8 16. Qxh6 Rg8 17. Ng5 Qxg5 18. Qxg5 Bxh3 19. Qf6+ 1-0

[Event "Março 22"]
[Site "http://www.queenalice.com/game.php?id=186147"]
[Date "2007.3.22"]
[Round "-"]
[White "vallef"]
[Black "Odim"]
[Result "0-1"]
[WhiteElo "1661"]
[BlackElo "1791"]

1. e4 e5 2. Nf3 Nf6 3. Nc3 Bb4 4. Bc4 Bxc3 5. dxc3 d6 6. Ng5 O-O 7. Nxf7 Rxf7 8.
Bxf7+ Kxf7 9. Bg5 Be6 10. Qd3 Nbd7 11. b4 Nb6 12. a4 h6 13. Bh4 Bc4 14. Qh3 g5
15. Bg3 Qh8 16. a5 Be6 17. Qxe6+ Kxe6 18. O-O Nc4 19. f3 Ne3 20. Rf2 Nh5 21. Re1
Nc4 22. Ref1 a6 23. h4 Nxg3 24. Rd1 Qf6 25. f4 gxf4 0-1

[Event "Março 22 B"]
[Site "http://www.queenalice.com/game.php?id=186148"]
[Date "2007.3.22"]
[Round "-"]
[White "Odim"]
[Black "vallef"]
[Result "1-0"]
[WhiteElo "1779"]
[BlackElo "1673"]

1. e4 e5 2. Nf3 Nc6 3. Bb5 Nf6 4. d3 h6 5. Bxc6 dxc6 6. O-O Bc5 7. Nxe5 Nd7 8.
Qh5 Qf6 9. Nxd7 Bxd7 10. Qxc5 b6 11. Qe3 O-O 12. Qg3 Rae8 13. Nc3 Re7 14. Bf4
Be6 15. Bxc7 b5 16. Bd6 b4 17. Bxe7 Qxe7 18. Ne2 a5 19. Qe5 c5 20. Nf4 Rd8 21.
a3 Re8 22. Nxe6 fxe6 23. axb4 cxb4 24. Rxa5 Qb7 25. Rb5 Qc6 26. Rc5 Qd7 27. Rc7
1-0

[Event "Challenge"]
[Site "http://www.queenalice.com/game.php?id=284476"]
[Date "2007.10.11"]
[Round "-"]
[White "Odim"]
[Black "vallef"]
[Result "1-0"]
[WhiteElo "1802"]
[BlackElo "1736"]

1. e4 e5 2. Nf3 Nc6 3. Bb5 Nf6 4. d3 h6 5. Bxc6 bxc6 6. Nxe5 Bd6 7. Nc4 Bc5 8.
e5 Nd5 9. Qg4 Bf8 10. O-O d6 11. Qg3 Nb4 12. Ne3 dxe5 13. Qxe5+ Qe7 14. Qe4 Qxe4
15. dxe4 Bc5 16. a3 Na6 17. b4 Bd4 18. c3 Bf6 19. f4 O-O 20. e5 Bd8 21. c4 c5
22. b5 Nb8 23. Nc3 a6 24. a4 axb5 25. cxb5 c6 26. Ba3 Bb6 27. Nc4 Ba5 28. Nxa5
Rxa5 29. Bxc5 Re8 30. Bd6 Bb7 31. Rfb1 Nd7 32. Bc7 Raa8 33. b6 f6 34. Ne4 Nxb6
35. Rxb6 Ra7 36. Nd6 Re7 37. Bb8 fxe5 38. Bxa7 1-0